000 01217nam a22002777a 4500
005 20230127074040.0
008 230127b |||||||| |||| 00| 0 eng d
020 _a971-685-817-4
082 _aFil. 428.3 M918 2016
100 _aYoung, Catherine.
_eauthor
245 _aMother tongue-based multilingual education:
_ba guide for teacher educators and students /
_cCatherine Young, Michael Wilson I. Rosero, Firth McEachem, Xinia R. Skoropinski, Diane Dekker, Paraluman R. Giron, Ofelia O. Flojo, Madalina R. Japson, Ruby Catherine G. Bañez, Brenda B. Corpuz
260 _aManila:
_bLorimar Publishing,
_cc2016
300 _aviii, 222p.:
_bill.
504 _aIncludes bibliographical references
541 _e6587 c.1, 6588 c.2, 6589 c.3, 6590 c.4, 6591 c.5
650 _aEnglish language - Study and teaching - Foreign speakers
700 _aRosero, Michael Wilson I.
_eauthor
700 _aMcEachem, Firth
_eauthor
700 _aSkoropinski, Xinia R.
_eauthor
700 _aDekker, Diane
_eauthor
700 _aGiron, Paraluman R.
_eauthor
700 _aFlojo, O. Ofelia
_eauthor
700 _aJapson, Magdalina R.
_eauthor
700 _aBañez, Ruby Catherine G.
_eauthor
700 _aCorpuz, Brenda B.
_eauthor
999 _c716
_d716